Integrated Handbook of Family Medicine/ (Record no. 210402)

MARC details
000 -LEADER
fixed length control field 00600nam a2200205 4500
005 - DATE AND TIME OF LATEST TRANSACTION
control field 20250320153647.0
010 ## - LCCN (DPL NO)
LC control number ENG-144119
020 ## - INTERNATIONAL STANDARD BOOK NUMBER
International Standard Book Number 9788193136218
Terms of availability 990.00
035 ## - SYSTEM CONTROL NUMBER
System control number EN-127651
037 ## - SOURCE OF ACQUISITION
Source of stock number/acquisition DBAD
082 ## - DEWEY DECIMAL CLASSIFICATION NUMBER
Classification number 615
100 ## - MAIN ENTRY--PERSONAL NAME
Personal name Haval, Smruti
245 ## - TITLE STATEMENT
Title Integrated Handbook of Family Medicine/
Statement of responsibility, etc by Smruti Haval
250 ## - EDITION STATEMENT
Edition statement 1
260 ## - PUBLICATION, DISTRIBUTION, ETC. (IMPRINT)
Place of publication, distribution, etc Karnataka
Name of publisher, distributor, etc Sukarmayogi Publishers
Date of publication, distribution, etc 2016
270 ## - ADDRESS
Address Rukmini Hospital, Maddi Galli, Sankeshwar, Belgaum
City Karnataka
Postal code 591313
300 ## - PHYSICAL DESCRIPTION
Extent 384,8p.
Dimensions 27cm(Pb)
490 ## - SERIES STATEMENT
Volume number/sequential designation Vol 2
942 ## - ADDED ENTRY ELEMENTS (KOHA)
Source of classification or shelving scheme Dewey Decimal Classification
Item type English Books
Classification part 615
Call number suffix HAV
Holdings
Withdrawn status Lost status Not for loan Collection code Home library Current library Date acquired Source of acquisition Cost, normal purchase price Full call number Barcode Copy number Cost, replacement price Koha item type
      Non-fiction Janak Puri Janak Puri 20/03/2025 Delivery of Books Act Division 990.00 615 HAV EN-127651 1 990.00 English Books

© Delhi Public Library
Hit Counter
free hit counter